000 01012nam a2200253Ia 4500
003 OSt
005 20221005111802.0
006 a|||||r|||| 00| 0
007 ta
008 221004b |||||||| |||| 00| 0 hin d
024 _a31776
037 _cTextual
040 _aCRL
_cCRL
_bhin
041 _2hin
_ahin
082 _aQ11x, 152M0
100 _aशास्त्री, हरिदत्त व्याख्याकार, अनु.
_9624237
245 0 _aऋक्-सूक्त-संग्रहः - हिंदी व संस्कृत व्याख्या सहित
246 _aṚuk-sūkta-sangrahah - hiandī v sanskṛut vyākhyā sahita
260 _aमेरठ
_bसाहित्य भण्डार भारत
_c1980
300 _a378पृ.
_ccm.
650 _aधर्म
942 _hQ11x, 152M0
_cTEXL
_2cc
999 _c1022895
_d1022895